| 000 | 00547nam a2200217 a 4500 | ||
|---|---|---|---|
| 001 | 12041 | ||
| 003 | CO-ViMGA | ||
| 008 | 141112s2004 ck r 000 u spa d | ||
| 020 | _a8401011566 | ||
| 040 |
_aCO-ViMGA _bspa _cCO-ViMGA |
||
| 082 | 0 | 4 | _a133.3 N677s |
| 100 | 1 |
_aOvason, David _917006 |
|
| 245 | 1 | 0 | _aLos secretos de Nostradamus |
| 260 |
_aBarcelona : _bPlaza Janes, _c1998 |
||
| 300 | _a581p | ||
| 650 | 1 | 4 |
_aNOSTRADAMUS _917007 |
| 650 | 1 | 4 | _aOCULTISMO |
| 650 | 1 | 4 |
_aPREDICCIONES _91999 |
| 650 | 1 | 4 |
_aPROFECIAS _91998 |
| 942 |
_2ddc _cBK |
||
| 999 |
_c23094 _d23094 |
||